| 000 | 00000nam##2200000za#4500 |
| 001 | 9.610839 |
| 003 | CaOODSP |
| 005 | 20220111083405 |
| 007 | ta |
| 008 | 150406|1993||||xxc||||| f|0| 0 eng|d |
| 020 | |a0-662-21224-X |
| 022 | |a1713-0638 |
| 040 | |aCaOODSP|beng |
| 043 | |an-cn--- |
| 086 | 1 |aNE22-1/1993-12E |
| 110 | 1 |aCanada. |bNational Energy Board. |
| 245 | 10|aIn the matter of Interprovincial Pipe Line Inc. : |bapplication for expansion facilities and toll methodology dated 24 June 1993, as amended 17 September and 11 November, 1993 |
| 260 | |aCalgary - Alberta : |bNational Energy Board |cDecember, 1993. |
| 300 | |ax, 48p. : |bfigs., graphs, references, tables ; |c28 cm. |
| 490 | 1 |aReasons for decision|x1713-0638 |
| 563 | |aSoftcover |
| 690 | 07|aPetroleum industry|2gcpds |
| 775 | 08|tVisant Interprovincial Pipe Line Inc. : |w(CaOODSP)9.622422 |
| 776 | 0#|tReasons for decision in the matter of Interprovincial Pipe Line Inc. : |w(CaOODSP)9.572405 |
| 830 | #0|aReasons for decision (Canada. National Energy Board)|x1713-0638|w(CaOODSP)9.514808 |
| 986 | |aOH-1-93 |